000 00301nam a2200133Ia 4500
008 191201s2004 xx 000 0 und d
100 _aRiggs, James L
245 0 _aEngineering Economics
250 _a4th
260 _aN.Delhi
_bTMH
_c2004
300 _a661
650 _aApplied
942 _2ddc
_cBK
_01
999 _c1590
_d1590